000 00639nam a2200217 4500
003 OSt
005 20240702051829.0
006 a
008 240702b |||||||| |||| 00| 0 eng d
020 _a9789812533159
040 _aDWCL-Main lib.
_cOC
082 _aCirc. 571.2 H796i 2009
_2Fourth edition
100 _aHopkins, William G.
245 _aIntroduction to plant physiology /
250 _aFourth edition
260 _aN.J. :
_bJohn Wiley & Sons, Inc. ,
_cc2009.
300 _axviii,
_b503 p. : ill. ;
_c26 cm.
504 _aIncludes index.
650 _a1. Plant physiology.
942 _2ddc
_n0
_cBK-CIRC
_kCirc.
_eFourth edition
999 _c1783
_d1783